000 01216nam a2200205Ia 4500
003 Ost
005 20260507075032.0
008 260507s9999||||xx |||||||||||||| ||und||
040 _cfsecg
041 _aara
082 _a330
100 _aعفيفي، صديق محمد
_eمؤلف
245 0 _aالتفاوض الفعّال في الحياة والأعمال /
_c صديق محمد عفيفي
260 _aالإسكندرية:
_bالمكتب العربي الحديث,
_c2003
300 _a246 صفحة؛
_bإيضاحات ؛
_c24 سم
520 _aطبيعة عملية التفاوض- الإعداد للتفاوض-إستراتيجيات التفاوض وتكتيكاته- العوامل المحددة لإختيار إستراتيجيات وتكتيكات التفاوض- دور الوقت في عملية التفاوض- دور الاسئلة في عملية التفاوض- الإستشارة والوساطة والتحكيم- التفاوض في المعاملات الدولية- بعد التفاوض- إتمام التعاقد- خصائص ونصائح المفاوضين
653 _aإدارة الأعمال
700 _aحرمين حزين، سعد
_eمؤلف ثانوي
942 _cكتاب
999 _c42413
_d42413